Catalogue of the Late Roman, Byzantine and Barbaric Coins in the Charles University Collection (364 - 1092 A.D.)

Saved in:
Bibliographic Details
Main Author Gambacorta, Federico
Format Electronic eBook
LanguageCzech
Published Karolinum 2013
Edition1. elektronické vydání
Subjects
Online AccessDostupné v BOOKPORT po přihlášení pomocí eduID
ISBN978-80-246-2534-8
978-80-246-2240-8
Physical Description1 online zdroj (96 stran)

Cover

LEADER 00000nam a2200000 i 4500
001 bkp494959836
003 CZ-prgp
005 20191001132527.0
006 m o d
007 cr cn
008 191001s2013 xr o 000 0 cze
020 |a 978-80-246-2534-8  |c 160 Kč  |q (online ; pdf) 
020 |a 978-80-246-2240-8  |c 250 Kč  |q (print) 
040 |a Grada  |b cze  |e rda 
100 1 |a Gambacorta, Federico 
245 1 0 |a Catalogue of the Late Roman, Byzantine and Barbaric Coins in the Charles University Collection (364 - 1092 A.D.)  |c Federico Gambacorta 
250 |a 1. elektronické vydání 
264 1 |b Karolinum  |c 2013 
300 |a 1 online zdroj (96 stran) 
336 |a text  |b txt  |2 rdacontent 
337 |a počítač  |b c  |2 rdamedia 
338 |a online zdroj  |b cr  |2 rdacarrier 
520 3 |a Je velkým problémem sbírek archeologické či historické povahy, nejenom mincí, pokud nejsou publikační formou prezentovány odborné veřejnosti. Prezentovat skupinu mincí zveřejněných v tomto katalogu znamená nejen je chránit jako veřejný majetek jedné konkrétní univerzity, ale dát je k dispozici celé vědecké společnosti a tím umožnit pokrok v oblasti historických a numismatických studií. V práci Federica Gambacorty lze proto uvítat významné rozšíření publikovaného numismatického materiálu ve vlastnictví Univerzity Karlovy. Tato práce důstojně navazuje na dílo V. Marka, který před více než čtvrtstoletím podnikl první krok k publikaci univerzitní mincovní sbírky. Oproti původnímu rozhodnutí věnovat se pouze pozdně římským mincím autor do svého zpracování zahrnul rovněž mince byzantské a barbarské. Tento katalog seznamuje publikum se skupinou mincí, které byly samy o sobě hlavními postavami a svědky doby, kdy byly vytvořeny. Mince narozdíl od jiných kategorií objektů byla používána na všech společenských úrovních a všude dokázala předat srozumitelné informace i těm, kteří neuměli číst. Obrazy na nich zpodobených vládnoucích císařů, členů císařské rodiny, dědiců a ručitelů kontinuity a stálosti říše tyto osoby umožňují rozpoznat a představují vhodné modely k napodobení u poddaných všech tříd. Jiná vyobrazení na reverzu mají za účel uklidňovat uživatele ohledně úsilí císaře o zajištění míru, solidnosti institucí, neporušenosti hranic. V poslední fázi říše se množí legendy oslavující vítěze císařů, slávu Římanů, bezpečnost státu, obnovu státu, zdraví státu a concordie císařů s vyobrazením Říma na trůně a se symboly moci. Typy a legendy na mincích nás informují o sociálních a náboženských změnách, které proběhly ve struktuře římské říše v době od Konstantina Velikého a dále. Byzantské mince a mince vyráběné Ostrogóty v Itálii v posledním století výroby mincí před krizí, která v západní části starého římského impéria způsobí zmizení mince, se prakticky od mincí římských neliší. 
650 0 4 |a Umění a kultura 
856 4 0 |u https://www.bookport.cz/AccountSaml/SignIn/?idp=https://shibboleth.utb.cz/idp/shibboleth&returnUrl=/kniha/catalogue-of-the-late-roman-byzantine-and-barbaric-coins-in-the-charles-university-collection-364-1092-a-d-5412/  |y Dostupné v BOOKPORT po přihlášení pomocí eduID